00421nam a2200157Ia 4500003000900000005001700009008004100026040001300067040001300080041000800093100001700101245008700118260003200205300002000237490000600257IT-RoPAU20220918175548.0120407s9999 xx 000 0 und d aIT-RoPAU cIT-RoPAU aita aJean Viollet aConfidenze a un ragazzo di 13 - 16 annibTraduzione dal francese di Bianca Massari aTorinobBorla Editorec1961 c16,5 cma85 pp. v1